000 00850nam a2200181 a 4500
001 000012791
005 20200929163057.0
008 091117s2001 dr a 000 0 spa d
040 _aDO-SdBNP
_bspa
_cBNPHU
082 _axxxx
_bxxxx
100 1 _aRachadell Portillo, Natalia
_929599
245 1 0 _aDino-Matemáticas :
_b4to curso /
_cNatalia Rachadell Portillo, Rocío Sesto de Peigney.
246 1 0 _aMatemática :
_bcuarto grado /
260 _aSanto Domingo :
_bSecretaría de Estado de Educación,
_c2001.
300 _a189 p. :
_bil. ;
_c28 cm.
505 0 _gv. 4
_tDino-Números-Saurios --
_tDino-Adición --
_tDino-Sustracción --
_tDino-Multiplicación --
_tDino-División --
_tDino-Cocktail de operaciones --
_tDino-Fracciones --
_tDino-Decimales --
_tDino- Geometría --
_tDino-Gráficas --
_tDino-Medición --
700 1 2 _aSesto de Peigney, Rocío
_929600
999 _c12442
_d12442